[Event "URS-ch U26"]
[Site "Vilnius"]
[Date "1978.??.??"]
[Round "11"]
[White "Vladimirov, Evgeny"]
[Black "Panchenko, Alexander N"]
[Result "1/2-1/2"]
[WhiteElo "2445"]
[BlackElo "2495"]

1.Nf3 d5 2.c4 e6 3.b3 Be7 4.Bb2 Bf6 5.Qc2 Bxb2 6.Qxb2 Nf6 7.e3 O-O 8.Be2 b6
9.O-O Bb7 10.Nc3 c5 11.cxd5 Nxd5 12.d4 Nxc3 13.Qxc3 Nd7 14.Rfd1 Qf6 15.Rac1 Rac8
16.dxc5 Qxc3 17.Rxc3 Nxc5 18.Rdc1 Na6 19.Kf1 Rxc3 20.Rxc3 Rc8 21.Rxc8+ Bxc8
22.Nd4 Nb8 23.Ke1 Kf8 24.Kd2 Ke7 25.b4 Bb7 26.Bf3 Bxf3 27.Nxf3 f6 28.Kd3 Kd6
29.a3 a6 30.Nd2 Nd7  1/2-1/2

[Event "URS-ch U26"]
[Site "Vilnius"]
[Date "1978.??.??"]
[Round "12"]
[White "Panchenko, Alexander N"]
[Black "Dolmatov, Sergey"]
[Result "1-0"]
[WhiteElo "2495"]
[BlackElo "2495"]

1.Nf3 d5 2.c4 e6 3.b3 Be7 4.Bb2 Nf6 5.g3 O-O 6.Bg2 b6 7.O-O Bb7 8.e3 c5 9.Qe2 Nc6
10.Rd1 a6 11.d3 dxc4 12.bxc4 Qc7 13.Nc3 Rfd8 14.Rab1 Nd7 15.Ne4 Rab8 16.d4 cxd4
17.exd4 Na5 18.Rbc1 b5 19.d5 bxc4 20.d6 Bxd6 21.Nxd6 Bd5 22.Bc3  1-0

[Event "IBM-B"]
[Site "Amsterdam"]
[Date "1979.??.??"]
[Round "8"]
[White "Spassov, Liuben"]
[Black "Shamkovich, Leonid"]
[Result "0-1"]
[WhiteElo "2470"]
[BlackElo "2495"]

1.Nf3 d5 2.c4 c6 3.d4 Nf6 4.Nc3 dxc4 5.a4 Bf5 6.e3 e6 7.Bxc4 Bb4 8.O-O Nbd7
9.Qe2 Bg4 10.Rd1 Qe7 11.e4 e5 12.d5 Rd8 13.dxc6 bxc6 14.h3 Bxf3 15.Qxf3 O-O
16.Bb3 Nc5 17.Bc2 Ne6 18.Be3 Bc5 19.Ne2 Rb8 20.Rab1 Bxe3 21.Qxe3 Rb4 22.f3 Qc5
23.Qxc5 Nxc5 24.b3 Nfd7 25.Rd6 Rc8 26.Nc1 Rc7 27.Na2 Rb8 28.Rbd1 a5 29.Nc1 Kf8
30.Bd3 Nb7 31.Bc4 Nxd6 32.Rxd6 Ke7  0-1

[Event "HUN-ch"]
[Site "Budapest"]
[Date "1979.??.??"]
[Round "2"]
[White "Vadasz, Laszlo"]
[Black "Groszpeter, Attila"]
[Result "1-0"]
[WhiteElo "2490"]
[BlackElo "2375"]

1.Nf3 d5 2.c4 dxc4 3.Na3 c5 4.Nxc4 Nc6 5.b3 f6 6.e3 e5 7.d3 Nge7 8.a3 Nf5
9.Be2 Be7 10.O-O O-O 11.Bb2 Be6 12.Qc2 b5 13.Ncd2 Qb6 14.Rac1 Rac8 15.Rfe1 Rfd8
16.Bf1 Bf8 17.Qb1 a6 18.h3 Qa7 19.Rc2 Qf7 20.Ba1 Na5 21.Rc3 Ne7 22.Rec1 b4
23.axb4 cxb4 24.Rxc8 Rxc8 25.Rxc8 Nxc8 26.d4 Nxb3 27.Nxb3 Bxb3 28.Bxa6 Nb6
29.dxe5 Bd5 30.exf6 gxf6 31.e4 Bc4 32.Bxc4 Nxc4 33.Qd3 Bc5 34.Qd8+ Kg7 35.Qc8 Qa7
36.Qg4+ Kf8 37.Bxf6 Bxf2+ 38.Kh1 Ne3 39.Qc8+ Kf7 40.Bd4 Qa2 41.Qd7+  1-0

[Event "BCF-ch"]
[Site "Chester"]
[Date "1979.??.??"]
[Round "8"]
[White "Brangham, G."]
[Black "Steedman, Jim"]
[Result "0-1"]
[WhiteElo "2200"]
[BlackElo "2200"]

1.Nf3 d5 2.c4 d4 3.d3 Nc6 4.g3 e5 5.Bg2 Nf6 6.O-O Be7 7.b4 Nxb4 8.Nxe5 O-O
9.a3 Na6 10.Nd2 Nc5 11.Nb3 Re8 12.Nf3 Nxb3 13.Qxb3 c5 14.Re1 Rb8 15.a4 b6
16.Bd2 Bd6 17.Rab1 Bd7 18.Qa3 Bc6 19.Nh4 Bxg2 20.Nxg2 Qd7 21.Nh4 Qh3 22.Nf3 Ng4
23.Qc1 Re5 24.e4 dxe3 25.Bxe3 Rh5 26.Bf4 Nxh2 27.Nxh2 Qxh2+ 28.Kf1 Qh3+ 29.Ke2 Qg4+
30.Kd2 Bxf4+ 31.gxf4 Qxf4+ 32.Kc3 Qd4+  0-1

[Event "BCF-ch"]
[Site "Chester"]
[Date "1979.??.??"]
[Round "10"]
[White "Brangham, G."]
[Black "McAllan, I."]
[Result "0-1"]
[WhiteElo "2200"]
[BlackElo "2200"]

1.Nf3 d5 2.c4 e6 3.g3 Nf6 4.Bg2 Be7 5.O-O O-O 6.d3 c5 7.Nbd2 Nc6 8.a3 b6
9.Qc2 Bb7 10.e3 Rc8 11.Rd1 Rc7 12.b3 Rd7 13.Bb2 Qa8 14.h3 Rfd8 15.Rac1 dxc4
16.dxc4 Na5 17.Ne1 Bxg2 18.Nxg2 Rxd2 19.Rxd2 Rxd2 20.Qxd2 Nxb3 21.Qd3 Nxc1
22.Bxc1 Qd8 23.Qxd8+ Bxd8 24.Kf1 Ne4 25.Ke2 Bf6 26.Ne1 Kf8 27.Nf3 Ke7 28.Nd2 Nxd2
29.Kxd2 Kd6 30.Kd3 Kc6 31.a4 a6 32.Ba3 b5 33.axb5+ axb5 34.cxb5+ Kxb5 35.Kd2 Kc4
36.Kc2 g6 37.Bc1 Bc3 38.Ba3 Be1  0-1

[Event "URS-FL"]
[Site "Frunze"]
[Date "1979.??.??"]
[Round "13"]
[White "Kochyev, Alexander"]
[Black "Jussupow, Artur"]
[Result "1/2-1/2"]
[WhiteElo "2545"]
[BlackElo "2490"]

1.Nf3 d5 2.c4 c6 3.d4 Nf6 4.e3 Bg4 5.Qb3 Qb6 6.Ne5 Bf5 7.Be2 e6 8.Nc3 Nbd7
9.Nxd7 Nxd7 10.Bd2 Be7 11.O-O Qxb3 12.axb3 Bc2 13.Bd1 Bd3 14.Be2 Bc2 15.Bd1 Bd3
16.Be2  1/2-1/2

[Event "Hastings7980"]
[Site "Hastings"]
[Date "1979.??.??"]
[Round "2"]
[White "Stean, Michael"]
[Black "Raicevic, Vladimir"]
[Result "1/2-1/2"]
[WhiteElo "2540"]
[BlackElo "2440"]

1.Nf3 d5 2.c4 e6 3.g3 Nf6 4.Bg2 Nbd7 5.d4 dxc4 6.O-O a6 7.Nbd2 b5 8.Ne5 Nxe5
9.Bxa8 Qxd4 10.Ne4 Qa7 11.Nxf6+ gxf6 12.Bg2 Bc5 13.b3 h5 14.Bb2 Ng4 15.e3 cxb3
16.axb3 Bb7 17.Bxb7 Qxb7 18.Bd4  1/2-1/2

[Event "Hastings7980"]
[Site "Hastings"]
[Date "1979.??.??"]
[Round "8"]
[White "Zilber, Israel"]
[Black "Raicevic, Vladimir"]
[Result "1-0"]
[WhiteElo "2410"]
[BlackElo "2440"]

1.Nf3 d5 2.c4 e6 3.d4 Nf6 4.Nc3 a6 5.cxd5 exd5 6.g3 Bd6 7.Bg2 O-O 8.O-O c6
9.Ne5 Ng4 10.Nd3 Re8 11.h3 Nf6 12.Bf4 Bxf4 13.Nxf4 Qd6 14.Na4 Nbd7 15.Rc1 Ne4
16.Nd3 Rb8 17.e3 Qh6 18.Re1 Ndf6 19.Kh2 Ng5 20.Nf4 Nfe4 21.Qc2 Nf6 22.f3 Ne6
23.Qf2 Nf8 24.Nc3 g5 25.Nd3 Ng6 26.Qf1 Re7 27.e4 dxe4 28.fxe4 Bxh3 29.Bxh3 g4
30.e5 Nd7 31.Ne4 Rd8 32.Nd6 gxh3 33.Nxb7 Rb8 34.Nd6 Qd2+ 35.Qe2 Qxe2+ 36.Rxe2 f6
37.Rxc6 fxe5 38.Rc7 Rf8 39.Nb4 Rg7 40.d5 h5 41.Ne4 h4 42.Re3 hxg3+ 43.Rxg3 Rf4
44.Rc4 Nc5 45.Rxc5 Rxe4 46.Rc8+ Kh7 47.Rxh3+ Nh4 48.Nd3 Rg2+ 49.Kh1 Rd2 50.d6 Rd1+
51.Kh2 Re2+ 52.Kg3 Rxd3+ 53.Kxh4 Re4+ 54.Kg5+ Rxh3 55.d7 Rd3 56.d8=Q Rxd8
57.Rxd8 Re2 58.Rb8 e4 59.Rb7+ Kg8 60.Kf4 Kf8 61.a4 e3 62.a5 Ke8 63.Kf3 Rd2
64.Kxe3 Rd6 65.Ke4 Kd8 66.Ke5 Rh6 67.Kd4 Kc8 68.Rb6  1-0

[Event "Kecskemet"]
[Site "Kecskemet"]
[Date "1979.??.??"]
[Round "8"]
[White "Perenyi, Bela"]
[Black "Cibulka, Vladimir"]
[Result "0-1"]
[WhiteElo "2310"]
[BlackElo "2320"]

1.Nf3 d5 2.c4 c6 3.b3 Nf6 4.Bb2 Bf5 5.g3 e6 6.Bg2 h6 7.O-O Be7 8.d3 O-O 9.Nbd2 a5
10.Rc1 Na6 11.Re1 a4 12.bxa4 Nc5 13.Bd4 Nfd7 14.Rb1 Qc7 15.Qc2 Nxa4 16.cxd5 exd5
17.Nh4 Be6 18.e4 dxe4 19.Bxe4 Bxh4 20.gxh4 Qd6 21.Ba1 Nac5 22.Qc3 f6 23.Bg2 Bd5
24.Ne4 Bxe4 25.dxe4 Kh8 26.Qc2 Ra3 27.Red1 Qe6 28.Rd2 Rfa8 29.Rb2 b6 30.f4 Qg4
31.Qd1 Qxf4 32.Rbc2 Ne5 33.Bxe5 Qxe5 34.Qb1 Nb3 35.Rd7 Nd4 36.Rd2 Nf3+ 37.Bxf3 Rxf3
38.Qxb6 Qxe4 39.Rd1 Rxa2 40.Qb8+ Kh7 41.Qb1 Qxb1 42.Rxb1 Rff2 43.Rbb7 Rg2+
44.Kf1 Raf2+ 45.Ke1 Rf5 46.Rbc7 c5 47.Rf7 h5 48.h3 Kh6 49.Rf8 Rg3 50.Ke2 Rf4
51.Rxc5 Rxh4 52.Rc7 Rhxh3 53.Rh8+ Kg6 54.Rg8 Rh2+ 55.Kf1 Kh7 56.Rf8 Rf3+
57.Kg1 Rh4 58.Kg2 Rf5 59.Kg3 Rg4+ 60.Kh3 Rf3+ 61.Kh2 h4 62.Rc5 Kg6 63.Rh8 h3
64.Rc1 Rg2+ 65.Kh1 Rg5 66.Kh2 Rf2+ 67.Kxh3 Rh5+ 68.Rxh5 Kxh5 69.Kg3 Rf5 70.Rc4 g5
71.Rc8 Ra5 72.Rc3 f5 73.Rb3 f4+ 74.Kf3 Ra4  0-1

[Event "BKL-Turnier"]
[Site "Leipzig"]
[Date "1979.??.??"]
[Round "8"]
[White "Mikhalchishin, Adrian"]
[Black "Hennings, Artur"]
[Result "1/2-1/2"]
[WhiteElo "2480"]
[BlackElo "2450"]

1.Nf3 d5 2.c4 dxc4 3.e3 Nf6 4.Bxc4 e6 5.O-O c5 6.d4 a6 7.a4 Nc6 8.Qe2 Be7
9.Rd1 Qb6 10.Nc3 O-O 11.b3 Bd7 12.d5 exd5 13.Nxd5 Nxd5 14.Bxd5 Bf6 15.Bb2 Bxb2
16.Qxb2 Rad8 17.Qc3 Nb4 18.a5 Qc7 19.Ne5 Be8 20.e4 Kh8 21.Rd2 f6 22.Nc4 Bg6
23.Rad1 Rfe8 24.Nb6 h6 25.f3 f5 26.Bxb7 Rxd2 27.Rxd2 Re7 28.exf5 Bxf5 29.Bd5 Re1+
30.Kf2 Qe7 31.Be4 Rh1 32.Qc4 Qh4+ 33.Ke3 Bxe4 34.Qxe4 Re1+ 35.Re2 Nc2+ 36.Kd2 Qd8+
37.Kc3 Rxe2 38.Qxe2 Nd4 39.Qe4 Qg5 40.Qa8+ Kh7 41.Qe4+ Kh8 42.f4 Nb5+ 43.Kd3 Qf6
44.Qe8+ Kh7 45.Qe4+ Kh8 46.Qe8+ Kh7 47.Qe5 Qd8+ 48.Qd5 Qf6 49.Qe5 Qd8+ 50.Qd5 Qf6
51.Ke3 Qa1 52.Qe4+ Kh8 53.Qe8+ Kh7 54.Qe4+ Kh8 55.Qe8+ Kh7  1/2-1/2

[Event "Lone Pine op"]
[Site "Lone Pine"]
[Date "1979.??.??"]
[Round "1"]
[White "Tarjan, James Edward"]
[Black "Bohm, Hans"]
[Result "0-1"]
[WhiteElo "2525"]
[BlackElo "2410"]

1.Nf3 d5 2.c4 c6 3.e3 Nf6 4.Nc3 g6 5.d4 Bg7 6.Bd3 Bf5 7.Bxf5 gxf5 8.b3 e6
9.O-O Nbd7 10.Bb2 Ne4 11.Ne2 Bf8 12.a4 Rg8 13.Nf4 Qf6 14.Qe2 Bd6 15.Ba3 Bxa3
16.Rxa3 Qe7 17.Raa1 Ndf6 18.Rfc1 Kf8 19.cxd5 exd5 20.Nd3 Re8 21.b4 Ng4 22.h3 Nexf2
23.hxg4 Nxg4 24.Rf1 Nxe3 25.Rf2 Qe4 26.Nc5 Qf4 27.Re1 Rg3 28.Qd2 Re7 29.Nd3 Qh6
30.Nfe5 f6 31.Nf3 f4 32.Nh2 Re4 33.Nxf4 Qg5 34.Nf1 Nxf1 35.Rexf1 Rg4 36.b5 Kf7
37.bxc6 bxc6 38.Kh2 Qh4+ 39.Kg1 Qg3 40.Nh5 Qh4 41.Nxf6 Rxd4  0-1

[Event "Munich"]
[Site "Munich"]
[Date "1979.??.??"]
[Round "?"]
[White "Stean, Michael"]
[Black "Dankert, Peter"]
[Result "1/2-1/2"]
[WhiteElo "2540"]
[BlackElo "2360"]

1.Nf3 d5 2.c4 e6 3.g3 Nf6 4.d4 c5 5.cxd5 exd5 6.Bg2 Be7 7.O-O O-O 8.Nc3 Nc6
9.Bg5 c4 10.Ne5 Be6 11.b3 Qa5 12.Nxc6 bxc6 13.Na4 Rfd8 14.e3 Rac8 15.Bxf6 gxf6
16.Qh5 c5 17.dxc5 Bxc5 18.Rfd1 Bf8 19.Rac1 cxb3 20.Rxc8 Rxc8 21.axb3 Rb8
22.Nb2 Rxb3 23.Nd3 Rb5 24.Qh4 Qc3 25.Nf4 Qc2 26.Bf3 Bg7 27.Qh5 Qf5 28.Qxf5 Bxf5
29.Bxd5 Rb1 30.Rxb1 Bxb1 31.Kf1 a5 32.Bb3 Bf8 33.Ke2 Be4 34.Nd5 Bxd5 35.Bxd5 a4
36.Kd3 Bb4 37.Ke4 Be1 38.f4 a3 39.Kf5 Kg7 40.g4 Bd2 41.e4 h6  1/2-1/2

[Event "Naleczow"]
[Site "Naleczow"]
[Date "1979.??.??"]
[Round "9"]
[White "Espig, Lutz"]
[Black "Prandstetter, Eduard"]
[Result "1-0"]
[WhiteElo "2450"]
[BlackElo "2385"]

1.Nf3 d5 2.c4 e6 3.b3 Nf6 4.g3 Be7 5.Bg2 O-O 6.O-O c5 7.Bb2 Nc6 8.e3 dxc4
9.bxc4 Qb6 10.Qc1 Nb4 11.Ne1 Bd7 12.a3 Nc6 13.d3 Na5 14.Nd2 Bc6 15.Rb1 Qc7
16.Bc3 Bxg2 17.Nxg2 Nc6 18.Qb2 b6 19.Ne4 Nxe4 20.dxe4 Rfd8 21.Nf4 Bf8 22.Nh5 f6
23.Nf4 Qf7 24.Rbd1 Bd6 25.Nd3 Bc7 26.Qb5 Qe8 27.Rd2 a6 28.Qb1 Rd7 29.Rfd1 Rad8
30.Qc2 Qg6 31.Nb2 Rxd2 32.Rxd2 Rxd2 33.Qxd2 Qe8 34.Nd3 h6 35.Qc2 Qd7 36.Kf1 Qd6
37.Ke2 b5 38.Qb3 Na7 39.e5 Qe7 40.exf6 gxf6 41.cxb5 Nxb5 42.Nxc5 Nxc3+ 43.Qxc3 Bd6
44.Ne4 Kf7 45.Nxd6+ Qxd6 46.Qd3 Qe5 47.Qxa6 Qh5+ 48.Kf1 Qxh2 49.Qb7+ Kg6
50.Qe4+ Kf7 51.Qh4  1-0

[Event "Naleczow"]
[Site "Naleczow"]
[Date "1979.??.??"]
[Round "13"]
[White "Espig, Lutz"]
[Black "Luczak, Andrzej"]
[Result "1/2-1/2"]
[WhiteElo "2450"]
[BlackElo "2440"]

1.Nf3 d5 2.c4 d4 3.e3 Nc6 4.exd4 Nxd4 5.Nxd4 Qxd4 6.Nc3 e5 7.d3 Ne7 8.Qe2 Nf5
9.Nb5 Qc5 10.Bf4 f6 11.O-O-O a6 12.Nc3 Nd4 13.Qe1 Bf5 14.Be3 O-O-O 15.Ne2 Qc6
16.Bxd4 exd4 17.Ng3 Bg6 18.Be2 Qa4 19.a3 Bxa3 20.bxa3 Qxa3+ 21.Kc2 Qa2+ 22.Kc1 Rd6
23.Qb4 Rb6 24.Rd2 Qa1+ 25.Kc2 Qa2+ 26.Kc1 Qa1+  1/2-1/2

[Event "Rubinstein mem"]
[Site "Polanica Zdroj"]
[Date "1979.??.??"]
[Round "2"]
[White "Spassov, Liuben"]
[Black "Borkowski, Franciszek"]
[Result "1-0"]
[WhiteElo "2470"]
[BlackElo "2395"]

1.Nf3 d5 2.c4 c6 3.d4 Nf6 4.Nc3 e6 5.Bg5 dxc4 6.e4 b5 7.e5 h6 8.Bh4 g5 9.Nxg5 hxg5
10.Bxg5 Nbd7 11.g3 b4 12.Ne4 Nxe4 13.Bxd8 Kxd8 14.Qf3 f5 15.exf6 Ndxf6 16.Bxc4 Be7
17.O-O-O Nd6 18.Bd3 Kc7 19.h4 a5 20.g4 Nd5 21.g5 Rf8 22.Qg3 Nf4 23.g6 Nh5
24.Qe5 Nf6 25.g7 Rg8 26.Rdg1 Ne8 27.Rg6 Kd8 28.h5 Nf7 29.Qf4 Ra7 30.h6 Nxh6
31.Qxh6 Bd6 32.Rhg1 Rf7 33.Qh7  1-0

[Event "Reggio Emilia"]
[Site "Reggio Emilia"]
[Date "1979.??.??"]
[Round "?"]
[White "Kochyev, Alexander"]
[Black "Karaklajic, Nikola"]
[Result "1-0"]
[WhiteElo "2545"]
[BlackElo "2460"]

1.Nf3 d5 2.c4 c6 3.d4 Nf6 4.Qc2 e6 5.g3 Be7 6.Bg2 O-O 7.O-O b6 8.b3 Nbd7
9.Nbd2 Bb7 10.e4 Rc8 11.Bb2 Qc7 12.Rad1 Qb8 13.Ne5 Rfd8 14.Rfe1 Bb4 15.Nxd7 Rxd7
16.Bc3 Bxc3 17.Qxc3 dxe4 18.Nxe4 Nxe4 19.Bxe4 Rcd8 20.Bf3 h6 21.c5 Qc7 22.b4 Ba6
23.a4 bxc5 24.Qxc5 Bb7 25.Qxa7 Ra8 26.Qc5 Rxa4 27.Ra1 Rxa1 28.Rxa1 g5 29.Ra7 g4
30.Rxb7 Qxb7 31.Bxc6 Qa7 32.Bxd7 Qxd7 33.b5 Kh7 34.Kg2 Kg6 35.d5 Kf6 36.Qc6 Ke7
37.Qxd7+ Kxd7 38.dxe6+ fxe6 39.f3  1-0

[Event "DDR-ch 28th"]
[Site "Suhl"]
[Date "1979.??.??"]
[Round "6"]
[White "Espig, Lutz"]
[Black "Boehnisch, Manfred"]
[Result "1/2-1/2"]
[WhiteElo "2450"]
[BlackElo "2365"]

1.Nf3 d5 2.c4 e6 3.g3 Nf6 4.Bg2 Be7 5.O-O O-O 6.d4 b6 7.Ne5 Bb7 8.Nc3 c6
9.b3 Nbd7 10.Bb2 Nxe5 11.dxe5 Nd7 12.cxd5 cxd5 13.e4 d4 14.Qxd4 Bc5 15.Qd1 Nxe5
16.Na4 Nd3 17.Nxc5 bxc5 18.Bc3 Rc8 19.Qd2 Ba6 20.Rfd1 Qc7 21.Bf1 c4 22.bxc4 Ne5
23.Qf4 Nxc4 24.Qxc7 Rxc7 25.Rac1 Rfc8 26.Be5 Rc6 27.Bd4 R6c7 28.f3 h5 29.Bf2 Bb5
30.Rc3 a5 31.Rb1 Ba6 32.a4 Rc6 33.Rbc1 Kf8 34.e5 Ke7 35.f4 g6 36.Bg2 R6c7
37.Bf1 Kd7 38.Rd1+ Ke7 39.g4 hxg4 40.Bh4+ Kf8 41.Bf6 Nb2 42.Rd8+ Rxd8 43.Rxc7 Rc8
44.Rxc8+ Bxc8 45.Bb5 Nd1 46.Kg2 Nc3 47.Bc6 Ne2 48.Bg5 Nd4 49.Bh6+ Ke7 50.Bg5+ Kf8
51.Bh6+  1/2-1/2

[Event "SWE-ch"]
[Site "?"]
[Date "1979.??.??"]
[Round "?"]
[White "Cramling, Dan"]
[Black "Becker, Johnny"]
[Result "1/2-1/2"]
[WhiteElo "2355"]
[BlackElo "2200"]

1.Nf3 d5 2.c4 c6 3.d4 e6 4.Nc3 Nf6 5.cxd5 exd5 6.Bg5 Be7 7.Qc2 g6 8.e3 Bf5
9.Bd3 Bxd3 10.Qxd3 O-O 11.O-O Nbd7 12.Rab1 Re8 13.b4 a6 14.a4 Ne4 15.Bxe7 Qxe7
16.Nd2 Ndf6 17.b5 axb5 18.axb5 Ra3 19.Nb3 Rea8 20.bxc6 bxc6 21.Qc2 Qd6 22.Nxe4 Nxe4
23.Rfc1 Ra2 24.Rb2 Rxb2 25.Qxb2 Qb4 26.f3 Nd6 27.Qc3 Qxc3 28.Rxc3 Nc4 29.Nc1 Kf8
30.Kf2 Ke7 31.Ke2 Kd6 32.e4 Ra4 33.e5+ Ke6 34.Rc2 Ra3 35.Nd3 Ke7 36.Nb4 Kd7
37.Nd3 Ke7 38.Nb4 Kd7 39.Nd3 Ke7 40.g3 Ra1  1/2-1/2

[Event "URS Spartakiad"]
[Site "URS"]
[Date "1979.??.??"]
[Round "?"]
[White "Mochalov, Evgeny V"]
[Black "Grushevsky, Alexander V"]
[Result "1-0"]
[WhiteElo "2450"]
[BlackElo "2200"]

1.Nf3 d5 2.c4 e6 3.d4 Nf6 4.g3 dxc4 5.Bg2 b5 6.Ne5 Nd5 7.O-O Be7 8.a4 c6
9.b3 cxb3 10.axb5 cxb5 11.Qxb3 b4 12.e4 Nb6 13.d5 O-O 14.Rd1 Bf6 15.Bb2 exd5
16.exd5 Qd6 17.f4 a5 18.Nd2 a4 19.Qe3 Qd8 20.Qe4 a3 21.Bd4 Na4 22.Qb1 Na6
23.Ne4 Bf5 24.Nxf6+ Qxf6 25.Qb3 Nb2 26.Rdc1 Rac8 27.Nc6 Qd6 28.Be5 Qd7 29.Bxb2 axb2
30.Qxb2 Ra8 31.Ra5 Rfe8 32.Rca1 Bd3 33.Qd4 Be2 34.Nxb4 Nc7 35.Rxa8 Nxa8 36.d6  1-0

[Event "URS Spartakiad"]
[Site "URS"]
[Date "1979.??.??"]
[Round "?"]
[White "Mochalov, Evgeny V"]
[Black "Akopian, Gagnik E"]
[Result "1-0"]
[WhiteElo "2450"]
[BlackElo "2200"]

1.Nf3 d5 2.c4 c6 3.d4 e6 4.Qc2 f5 5.g3 Nf6 6.Bg2 Be7 7.O-O O-O 8.Nbd2 Qe8
9.Ne5 Nbd7 10.Nd3 Ne4 11.Nf3 Kh8 12.b4 Bf6 13.Rb1 b5 14.c5 g5 15.Nfe5 g4
16.f3 gxf3 17.exf3 Ng5 18.Nxc6 Nf7 19.Bb2 Bg7 20.Rfe1 Nf6 21.Nce5 Nxe5 22.dxe5 Ng8
23.c6 Rf7 24.c7 Bb7 25.Rbc1 Ne7 26.Nc5 Bc8 27.Nb3 Bd7 28.Na5 Qc8 29.f4 Be8
30.Re3 Qa6 31.Bd4 Bd7 32.Rc3 Qc8 33.Qf2 a6 34.Ba7 Qe8 35.Bc5 Bc8 36.Bd6 Bf8
37.Qb6 Bd7 38.Qb8 Qc8 39.Nb7 Kg7 40.Nd8 Ng6 41.Qb6 Bxd6 42.Qxd6 Rf8 43.Nb7 Qxb7
44.Qxd7+ Rf7 45.Qxe6 Rc8 46.Qxd5 Qa7+ 47.Kf1  1-0

[Event "URS Spartakiad"]
[Site "URS"]
[Date "1979.??.??"]
[Round "?"]
[White "Mikhalchishin, Adrian"]
[Black "Timoshchenko, Gennadi A"]
[Result "1/2-1/2"]
[WhiteElo "2480"]
[BlackElo "2530"]

1.Nf3 d5 2.c4 c6 3.e3 Nf6 4.Nc3 g6 5.d4 Bg7 6.Bd3 O-O 7.O-O Bg4 8.h3 Bxf3
9.Qxf3 e6 10.a4 Nbd7 11.a5 a6 12.Rd1 Re8 13.Qe2 e5 14.Qc2 exd4 15.exd4 Nf8
16.Qb3 Re7 17.cxd5 Nxd5 18.Bc4 Ne6 19.Bxd5 cxd5 20.Be3 Rd7 21.Na4 Rb8 22.Nb6 Rd6
23.Rac1 h5 24.Qb4 Kh7 25.Rc2 Bf8 26.Qb3 Bg7 27.Qb4 Bf8  1/2-1/2

[Event "URS Spartakiad"]
[Site "URS"]
[Date "1979.??.??"]
[Round "?"]
[White "Tal, Mihail"]
[Black "Kupreichik, Viktor D"]
[Result "1/2-1/2"]
[WhiteElo "2615"]
[BlackElo "2365"]

1.Nf3 d5 2.c4 c6 3.d4 Nf6 4.cxd5 cxd5 5.Nc3 Nc6 6.Bf4 e6 7.e3 Bd6 8.Bg3 Bxg3
9.hxg3 Qd6 10.Bd3 Bd7 11.Rc1 Rc8 12.a3 g6 13.Qe2 O-O 14.O-O a6 15.Rfd1 e5
16.dxe5 Nxe5 17.Bb1 Nxf3+ 18.gxf3 Qb6 19.Qd2 Rfd8 20.Ne2 Rxc1 21.Rxc1 Rc8
22.Rxc8+ Bxc8 23.Qd4 Qxd4 24.Nxd4 Kf8 25.Kf1  1/2-1/2

[Event "URS Spartakiad"]
[Site "URS"]
[Date "1979.??.??"]
[Round "?"]
[White "Tseitlin, Mikhail S"]
[Black "Mikenas, Vladas"]
[Result "1-0"]
[WhiteElo "2505"]
[BlackElo "2205"]

1.Nf3 d5 2.c4 c6 3.g3 Bg4 4.Bg2 e6 5.cxd5 exd5 6.O-O Nd7 7.d3 Ngf6 8.h3 Bxf3
9.Bxf3 Bc5 10.Nc3 O-O 11.Bg2 Re8 12.Kh2 Nf8 13.a3 a5 14.Bd2 b5 15.Rc1 Qb6
16.e4 dxe4 17.Nxe4 Nxe4 18.Bxe4 Re6 19.f4 Bd4 20.f5 Rxe4 21.dxe4 Bxb2 22.Rc2 Be5
23.Qc1 Rc8 24.Bf4 Bxf4 25.gxf4 b4 26.axb4 axb4 27.f6 c5 28.e5 gxf6 29.f5 fxe5
30.Rg2+ Ng6 31.Qc4 Rc7 32.Qd5 Ra7 33.Qxe5 Ra8 34.fxg6 hxg6 35.Rf4 Qb8 36.Qf6  1-0

[Event "URS Spartakiad"]
[Site "URS"]
[Date "1979.??.??"]
[Round "?"]
[White "Dydyshko, Viacheslav"]
[Black "Slepoy, I."]
[Result "1-0"]
[WhiteElo "2200"]
[BlackElo "2200"]

1.Nf3 d5 2.c4 e6 3.b3 Nf6 4.g3 Be7 5.Bg2 O-O 6.O-O Nbd7 7.Bb2 c6 8.Nc3 b6
9.d3 e5 10.cxd5 cxd5 11.Nh4 Bb7 12.Nf5 Bc5 13.a3 a5 14.Na4 Re8 15.Nxc5 Nxc5
16.d4 exd4 17.Bxd4 Nce4 18.Qc1 Bc8 19.Nxg7 Kxg7 20.f3 Kg6 21.fxe4 Ng4 22.Qf4 Ra7
23.Rac1 f6 24.h3 Ne5 25.Rxc8  1-0

[Event "URS Spartakiad"]
[Site "URS"]
[Date "1979.??.??"]
[Round "?"]
[White "Chechelian, S."]
[Black "Dvorietzky, Mark I"]
[Result "1/2-1/2"]
[WhiteElo "2200"]
[BlackElo "2525"]

1.Nf3 d5 2.c4 d4 3.e3 Nc6 4.exd4 Nxd4 5.Nxd4 Qxd4 6.Nc3 e5 7.Be2 c6 8.d3 Qd8
9.O-O Bc5 10.Ne4 Be7 11.Be3 Nf6 12.Ng3 O-O 13.d4 exd4 14.Qxd4 Ng4 15.Rad1 Nxe3
16.Qxe3 Qc7 17.b3 Be6 18.f4 Qb6 19.Qxb6 axb6 20.f5 Bc8 21.a4 Ra5 22.Bd3 Re5
23.Rfe1 Rxe1+ 24.Rxe1 Bb4 25.Re2 Rd8 26.Bc2 Kf8 27.Kf2 g6 28.fxg6 hxg6 29.h3 f5
30.Nf1 Kf7 31.Nh2 Kf6 32.Nf3 g5 33.g3 Bc5+ 34.Kg2 Be6 35.h4 gxh4 36.gxh4 f4
37.Re5 Rd2+ 38.Nxd2 Kxe5 39.Nf3+ Kf6 40.Ng5 Bg4 41.Ne4+ Ke5 42.Nxc5  1/2-1/2

[Event "HUN-ch"]
[Site "Budapest"]
[Date "1980.??.??"]
[Round "?"]
[White "Vadasz, Laszlo"]
[Black "Groszpeter, Attila"]
[Result "1/2-1/2"]
[WhiteElo "2500"]
[BlackElo "2480"]

1.Nf3 d5 2.c4 dxc4 3.Na3 c5 4.Nxc4 Nc6 5.b3 f6 6.Bb2 e5 7.e3 Nge7 8.d4 cxd4
9.exd4 exd4 10.Nxd4 Nxd4 11.Qxd4 Qxd4 12.Bxd4 Nc6 13.Bc3 Nb4 14.Ne3 Be6 15.Bc4 Bxc4
16.bxc4 O-O-O 17.Ke2 Bc5 18.Bxb4 Bxb4 19.Nd5 Bc5 20.Kf3 Rhe8 21.g4 b5 22.Rac1 bxc4
23.Ne3 Kb7 24.Rxc4 Bb6 25.h4 Rd2 26.a4 Rd3 27.Rb1 Ra3 28.Rcb4  1/2-1/2

[Event "Favorite"]
[Site "Hamburg"]
[Date "1980.??.??"]
[Round "5"]
[White "Pachman, Ludek"]
[Black "Dankert, Peter"]
[Result "1/2-1/2"]
[WhiteElo "2510"]
[BlackElo "2345"]

1.Nf3 d5 2.c4 e6 3.d4 Nf6 4.Nc3 Be7 5.Bg5 Nbd7 6.e3 O-O 7.Rc1 c6 8.Bd3 dxc4
9.Bxc4 b5 10.Bd3 Bb7 11.O-O h6 12.Bxf6 Bxf6 13.Qe2 Qb6 14.Rfd1 a6 15.b4 Be7
16.a3 a5 17.Qb2 axb4 18.axb4 Ra7 19.Ne4 Rfa8 20.Bb1 Nf8 21.Nc5 Bc8 22.Nd2 Bd7
23.Ndb3 Be8 24.Be4 Bd6 25.g3 Nd7 26.Nxd7 Bxd7 27.Nc5 Be8 28.Rc2 Rc8 29.Ra1 Rca8
30.Rac1 Rc8 31.f4 Qb8 32.Nd3 Qa8 33.Ne5 Ra6 34.Kf2 f6 35.Nd3 Qa7 36.Nc5 Bxc5
37.bxc5 Ra3 38.Qb4 Qa6 39.Qd2 Ra8 40.Rb2 Qc8 41.Bb1 Bf7 42.Ra2 Qb8 43.Rxa3 Rxa3  1/2-1/2

[Event "Los Polvorines op"]
[Site "Los Polvorines"]
[Date "1980.??.??"]
[Round "?"]
[White "Tempone, Marcelo"]
[Black "Taimanov, Mark E"]
[Result "1/2-1/2"]
[WhiteElo "2200"]
[BlackElo "2510"]

1.Nf3 d5 2.c4 e6 3.d4 Nf6 4.Nc3 Nbd7 5.Bg5 c6 6.e3 Qa5 7.Nd2 dxc4 8.Bxf6 Nxf6
9.Nxc4 Qc7 10.Qc2 Be7 11.Be2 O-O 12.O-O Bd7 13.e4 Rad8 14.Rfd1 Be8 15.Rac1 a6
16.Ne3 Qb6 17.e5 Nd5 18.Ncxd5 cxd5 19.Bd3 f5 20.exf6 Bxf6 21.Bxh7+ Kh8 22.Qd3 Bb5
23.Qg6 Be8 24.Qd3 Bb5 25.Qg6  1/2-1/2

[Event "Rubinstein mem"]
[Site "Polanica Zdroj"]
[Date "1980.??.??"]
[Round "5"]
[White "Spassov, Liuben"]
[Black "Bohm, Hans"]
[Result "1/2-1/2"]
[WhiteElo "2450"]
[BlackElo "2430"]

1.Nf3 d5 2.c4 c6 3.d4 Nf6 4.Nc3 dxc4 5.a4 Bf5 6.e3 e6 7.Bxc4 Bb4 8.O-O Nbd7
9.Qe2 Bg6 10.e4 Bxc3 11.bxc3 Nxe4 12.Ba3 Qc7 13.Qb2 Nd6 14.Qb4  1/2-1/2

[Event "ARG-ch"]
[Site "Quilmes"]
[Date "1980.??.??"]
[Round "3"]
[White "Quinteros, Miguel A"]
[Black "Paglilla, Carlos"]
[Result "1-0"]
[WhiteElo "2515"]
[BlackElo "2300"]

1.Nf3 d5 2.c4 c6 3.d4 Nf6 4.Nc3 dxc4 5.a4 Bf5 6.Ne5 e6 7.f3 Bb4 8.e4 Bg6
9.Bxc4 Nbd7 10.Qb3 a5 11.Nd3 Be7 12.Be3 Nb6 13.Nf4 Nxc4 14.Qxc4 Qb6 15.Bf2 Qa6
16.Qb3 Rd8 17.h4 Bb4 18.O-O-O Bxc3 19.bxc3 Bxe4 20.fxe4 Nxe4 21.Rhe1  1-0

[Event "Stary Smokovec"]
[Site "Stary Smokovec"]
[Date "1980.??.??"]
[Round "4"]
[White "Trois, Francisco RT"]
[Black "Nun, Josef"]
[Result "1/2-1/2"]
[WhiteElo "2395"]
[BlackElo "2375"]

1.Nf3 d5 2.c4 e6 3.g3 c5 4.cxd5 exd5 5.d4 Nc6 6.Bg2 Nf6 7.O-O Be7 8.dxc5 Ne4
9.Be3 Bxc5 10.Bxc5 Nxc5 11.Nc3 d4 12.Nb5 Ne6 13.e3 dxe3 14.Nd6+ Ke7 15.Nf5+ Kf8
16.Nxe3 Qxd1 17.Rfxd1 g6 18.a3 Kg7 19.b4 Rd8 20.Nc4 Ned4 21.Nxd4 Nxd4 22.h3 Be6
23.Na5 Nc2 24.Nxb7 Rxd1+ 25.Rxd1 Nxa3 26.Nd8 Rb8 27.Nxe6+ fxe6 28.Rd7+ Kg8
29.Rxa7 Nc2 30.Re7 Rb6 31.h4 Nxb4 32.h5 gxh5 33.Bh3 h4 34.Rxe6 Rxe6 35.Bxe6+ Kg7
36.gxh4 Nd3 37.Bf5 Nxf2 38.Kxf2 Kh8 39.Kg3 Kg7 40.Kf4 h5 41.Kg5 Kh8  1/2-1/2

[Event "Stary Smokovec"]
[Site "Stary Smokovec"]
[Date "1980.??.??"]
[Round "8"]
[White "Novak, Ivan"]
[Black "Nun, Josef"]
[Result "1/2-1/2"]
[WhiteElo "2300"]
[BlackElo "2375"]

1.Nf3 d5 2.c4 dxc4 3.Na3 e5 4.Nxe5 Bxa3 5.Qa4+ b5 6.Qxa3 Ne7 7.d3 f6 8.Nf3 cxd3
9.e3 Nbc6 10.Bxd3 b4 11.Qb3 Be6 12.Bc4 Bxc4 13.Qxc4 Qd5 14.Qxd5 Nxd5 15.Bd2 O-O-O
16.O-O  1/2-1/2